000 00721nam a2200277Ia 4500
003 OSt
005 20221005085603.0
006 a|||||r|||| 00| 0
007 ta
008 221004b |||||||| |||| 00| 0 eng d
020 _a0566023237
024 _a18329
037 _cTextual
040 _aCRL
_cCRL
_beng
041 _2eng
_aeng
082 _a3, M3
100 _aSussams John E
_918725
245 0 _aHow to write effective reports
260 _aNew York
_bGower USA
_c1983
300 _a108p
_ccm.
650 _a DISSERTATIONS WRITING
_9567405
650 _a PRINTING - STYLE MANUALS
650 _aRESEARCH METHODS
942 _h3, M3
_cTEXL
_2cc
999 _c994428
_d994428